Countries That Ever Possessed Nuclear Weapons - Statistics

General Stats
  • This quiz has been taken 38 times
  • The average score is 10 of 10
Answers on the Map
Answers color-coded by a green-red scale on the quiz's map according to % correct below.
 
Answer Stats
Answer % Correct
China
100%
France
100%
India
100%
United Kingdom
100%
United States
100%
Russia
97%
Pakistan
94%
Israel
91%
North Korea
91%
South Africa
77%
No matching quizzes found
Score Distribution
Percent of People with Each Score
Percentile by Number Answered
Your Score History
You have not taken this quiz